000 00347nam a2200133Ia 4500
005 20260328101518.0
008 260328s9999||||xx |||||||||||||| ||und||
100 _aYale School of Architecture
245 0 _aRetrospecta 2007-2008 /
_cYale School of Architecture
260 _b----
300 _a192 p.
650 _aARQUITECTURA CIVIL
942 _cBK
999 _c9472
_d9472